000 00619nam a2200109Ia 4500
008 171212s9999 xx 000 0 und d
100 _aWilliams, Malcolm V.;Martin, Laurie T.;Bharmal, Nazleen;Lopez, Christian;Armstrong, Courtney
245 _cWilliams, Malcolm V.;Martin, Laurie T.;Bharmal, Nazleen;Lopez, Christian;Armstrong, Courtney
_aAssessing the Role of State and Local Public Health in Outreach and Enrollment for Expanded Coverage
_bA Case Study on Eagle, Garfield, and Pitkin Counties, Colorado
260 _bRAND Corporation
_c2016
650 _aBusiness
856 _uhttp://jstor.org/stable/10.7249/j.ctt1d9np6t
999 _c351765
_d351765